000
00314nam a22001457a 4500
008
210428b ||||| |||| 00| 0 eng d
020
_a
9780073380957
041
_a
eng
080
_2
2nd
_a
339.138
082
_a
339.138
100
_a
60
101
_a
MAR
245
_a
Marketing
_c
Dhruv Grewal
942
_2
udc
_c
BK
999
_c
56889
_d
56889